Countries by origin of volunteers that fought in the Spanish Civil War - Statistics

General Stats
  • This quiz has been taken 122 times
  • The average score is 9 of 12
Answer Stats
Estimate Answer % Correct
~8,700 France
99%
~4,000 Germany/Austria
99%
~3,200 Italy
98%
~4,000 UK
95%
~2,500 USA
94%
~1,700 Canada
80%
~3,000 Poland
76%
~1,650 Belgium
68%
~1,700 Yugoslavia
53%
~740 Argentina
45%
~1,250 Czechoslovakia
38%
~1,100 Cuba
36%
No matching quizzes found
Score Distribution
Percent of People with Each Score
Percentile by Number Answered
Your Score History
You have not taken this quiz